| 000 | 01061cam a22003257a 4500 | ||
|---|---|---|---|
| 003 | CHAP | ||
| 005 | 20220817043139.0 | ||
| 008 | 971013s1987 it r 00010 fre d | ||
| 010 | _a66805 | ||
| 011 | _a67777 | ||
| 035 | _a77249 | ||
| 040 | _cCHAP | ||
| 082 | 1 | 0 |
_a639.2 _bF46f v.369 |
| 110 | 2 |
_aFAO. Comisión de Pesca Continental para Africa _939476 |
|
| 245 | 1 | 0 | _aRapport de la session du Groupe de Travail sur la Pollution et les Peches (1a.) |
| 260 |
_aRome : _bFAO, _c1987 |
||
| 300 |
_a32 p. _b: ilus. |
||
| 490 | 0 |
_aFAO. Informe de pesca _v; 369 |
|
| 590 |
_aBATCH-UPD _b10 _c20130110 _lUCH01 _h1043 |
||
| 590 |
_aBATCH-UPD _b10 _c20130410 _lUCH01 _h0642 |
||
| 590 |
_aBATCH-UPD _b10 _c20130914 _lUCH01 _h0059 |
||
| 590 |
_aCONVERSION _b10 _c20130109 _lUCH01 _h1337 |
||
| 650 | 1 | 4 |
_aAgua de mar _xContaminación. _92417 |
| 650 | 1 | 4 | _aPesca. |
| 830 | 0 |
_aFAO. Informe de pesca _v; 369 _939587 |
|
| 901 | _aBK | ||
| 905 | _aPatricia Mendoza P. | ||
| 942 | _cLIBRO | ||
| 949 |
_a639.2 F46f v.369 _bBC _cFAO _d33724000769576 _eFAO1 _gDonaciØn _h97408 _i77249 _sb |
||
| 999 |
_c66805 _d66805 |
||